Третья книжка рассказов (Запись № 5661345)

Подробности
000 -МАРКЕР
контрольное поле 02508nam0a22003491 4500
001 - ИДЕНТИФИКАТОР ЗАПИСИ
контрольное поле v19\rc\1568165
005 - ИДЕНТИФИКАТОР ВЕРСИИ
контрольное поле 20260405144411.0
035 ## - ДРУГИЕ СИСТЕМНЫЕ НОМЕРА
Идентификатор записи (NLR Aleph) 005236653
100 ## - ДАННЫЕ ОБЩЕЙ ОБРАБОТКИ
Данные общей обработки 20061002d1892 |||y0rusy50 ca
101 0# - ЯЗЫК РЕСУРСА
Язык текста, звукозаписи и т.д. русский
102 ## - СТРАНА ПУБЛИКАЦИИ ИЛИ ПРОИЗВОДСТВА
Страна публикации Российская Федерация
105 ## - ПОЛЕ КОДИРОВАННЫХ ДАННЫХ: ТЕКСТОВЫЕ МАТЕРИАЛЫ, МОНОГРАФИЧЕСКИЕ
Кодированные данные о монографическом текстовом документе c z |||ab
200 1# - ЗАГЛАВИЕ И СВЕДЕНИЯ ОБ ОТВЕТСТВЕННОСТИ
Основное заглавие Третья книжка рассказов
Сведения, относящиеся к заглавию С прил. 2 портр. и биогр., напис. А.М. Скабичевским
Первые сведения об ответственности [Всеволод Гаршин]
205 ## - СВЕДЕНИЯ ОБ ИЗДАНИИ
Сведения об издании 2-е изд.
210 ## - ПУБЛИКАЦИЯ, РАСПРОСТРАНЕНИЕ И ДР.
Место издания, распространения и т.д. Санкт-Петербург
Имя издателя, распространителя и т. д. Ком. "О-ва для пособия нуждающимся литераторам и ученым"
Дата издания, распространения и т.д. 1892
215 ## - ФИЗИЧЕСКАЯ ХАРАКТЕРИСТИКА
Специфическое обозначение материала и объем [4], 260 с., 2 л. портр.
Размеры 18
327 0# - ПРИМЕЧАНИЯ О СОДЕРЖАНИИ
Текст примечания Содержание: Предисловие. Биография В.М. Гаршина. Лягушка путешественница. Сказание о гордом Аггее. Сигнал. Стихотворения. Аясларское дело. Очень короткий роман. Петербургские письма. Статьи по художественной критике
464 #0 - АНАЛИТИЧЕСКИЙ УРОВЕНЬ
Встроенное поле 2001#$aПредисловие
Заглавие Предисловие
464 #0 - АНАЛИТИЧЕСКИЙ УРОВЕНЬ
Встроенное поле 2001#$aБиография В.М. Гаршина$fА.М. Скабичевский
-- 700#1$3RU\NLR\AUTH\7760007$7ca$aСкабичевский$bА. М.$f1838-1910$gАлександр Михайлович
Заглавие Биография В.М. Гаршина
Автор Скабичевский, Александр Михайлович (1838-1910)
464 #0 - АНАЛИТИЧЕСКИЙ УРОВЕНЬ
Встроенное поле 2001#$aЛягушка путешественница$aСказание о гордом Аггее$aСигнал$aСтихотворения$aАясларское дело$aОчень короткий роман$aПетербургские письма$aСтатьи по художественной критике
Заглавие Статьи по художественной критике
532 13 - РАСШИРЕННОЕ ЗАГЛАВИЕ
Заглавие Третья книжка рассказов
700 #1 - ИМЯ ЛИЦА - ПЕРВИЧНАЯ ОТВЕТСТВЕННОСТЬ
Графика поля Кириллица
Материалы, к которым относится поле rus
Начальный элемент ввода Гаршин
Часть имени, кроме начального элемента ввода В. М.
Даты 1855-1888
Расширение инициалов личного имени Всеволод Михайлович
Системный номер авторитетной/нормативной записи 64
Идентификатор авторитетной/нормативной записи RU\NLR\AUTH\7716972
702 #1 - ИМЯ ЛИЦА - ВТОРИЧНАЯ ОТВЕТСТВЕННОСТЬ
Код отношения Прочие
Графика поля Кириллица
Материалы, к которым относится поле rus
Начальный элемент ввода Скабичевский
Часть имени, кроме начального элемента ввода А. М.
Даты 1838-1910
Расширение инициалов личного имени Александр Михайлович
Системный номер авторитетной/нормативной записи 42938
Идентификатор авторитетной/нормативной записи RU\NLR\AUTH\7760007
801 #0 - ИСТОЧНИК ЗАПИСИ
Страна Российская Федерация
Организация NLR
Дата составления 20061002
Правила каталогизации psbo
801 #0 - ИСТОЧНИК ЗАПИСИ
Страна Российская Федерация
Организация RuMoRGB
Дата составления 20061002
Источник данных psbo
801 #1 - ИСТОЧНИК ЗАПИСИ
Страна Российская Федерация
Организация ProSoft-M
Дата составления 20061002
Источник данных rusmarc
801 #2 - ИСТОЧНИК ЗАПИСИ
Страна Российская Федерация
Организация NLR
Дата составления 20100616
Источник данных rusmarc
852 ## - МЕСТОНАХОЖДЕНИЕ И ШИФР ХРАНЕНИЯ
Идентификатор организации NLR
Шифр хранения (Call Number) 18.220.6.48
942 ## - ДОПОЛНИТЕЛЬНЫЕ ЭЛЕМЕНТЫ ЗАПИСИ (АБИС)
Тип экземпляра АБИС Книга
980 ## - КОЛЛЕКЦИЯ
Название коллекции Национальная библиография
Экземпляры
Тип экземпляра Дата поступления Библиотека постоянного хранения Библиотека текущего хранения Место хранения Шифр хранения Штрих-код Статус экземпляра
Книга 26.10.2013 РНБ (Садовая) РНБ (Садовая) Русский книжный фонд -Главное здание, Ленинский читальный зал 18.220.6.48 5236653-10